Famous Football Commentary (Part 2) - Statistics

General Stats
  • This quiz has been taken 8 times
  • The average score is 5 of 9
Answer Stats
Hint Answer % Correct
The greatest man in the history of the ____ ____ with an absolute beauty! Champions League
100%
Tottenham Hotspur are heading to the ____ ____ final! Champions League
100%
Goal, Bafana Bafana! Goal for ____ _____! South Africa
75%
Here's Dele Alli...Here's ____ ____...Oh they've done it! I cannot believe it! ____ ____ with the last kick in the game! Lucas Moura
63%
The ____ players collapse to the ground... Ajax
50%
Goal for ____ ____! All Africa
38%
And then ____! Sensational Ronaldo
38%
Mphela, Modise, it’s a really good ball. It’s _____! Tshabalala
13%
Oh, this is getting better and better and better. One, two, three for ____ ____! Michael Owen
0%
No matching quizzes found
Score Distribution
Percent of People with Each Score
Percentile by Number Answered
Your Score History
You have not taken this quiz